000 01034cab a2200265 4500
001 ABS51515
008 090401t1994 xxu||||| |||| 00| 0 eng d
035 _a(Sirsi) u31350
041 _aeng
100 _aHardwick, J.
245 _aFoundation stability during refurbishment and reconstruction
260 _c1994
350 _a0
490 _aConstruction Repair
_v8(5) September/October 1994, 15-16(2)
520 _aConsiders the particular problems of altering existing foundations during refurbishment of older buildings, taking account of increased loading requirements and the addition of basements, as well as possible effect on neighbouring buildings.
650 _aBUILT ENVIRONMENT-BUILDING ELEMENTS-COMPLETE BUILDING ELEMENTS-FOUNDATIONS
650 _aOLDER BUILDINGS
650 _aPILING
650 _aBUILT ENVIRONMENT-BUILDING MAINTENANCE AND REFURBISHMENT
650 _aSTANDARDS
650 _aUNDERPINNING
690 _aBUILDING AND CONSTRUCTION-REHABILITATION
942 _n0
948 _c04/03/1997
999 _c21052
_d21052